WWE Superstars with most pay-per-view matches. - Statistics

General Stats
  • This quiz has been taken 117 times
  • The average score is 8 of 10
Answer Stats
Hint Answer % Correct
161 John Cena
94%
174 The Undertaker
94%
170 Triple H
93%
175 Kane
88%
173 Randy Orton
86%
116 Shawn Michaels
84%
130 Edge
75%
141 Chris Jericho
74%
142 Big Show
65%
119 The Miz
61%
No matching quizzes found
Score Distribution
Percent of People with Each Score
Percentile by Number Answered
Your Score History
You have not taken this quiz